Yüklüyor......
Fiber bragg gratings
| Yazar: | |
|---|---|
| Materyal Türü: | Printed Book |
| Dil: | English |
| Baskı/Yayın Bilgisi: |
Elsevier
Amsterdam
2010
|
| Edisyon: | 2nd. ed. |
| Konular: |
| LEADER | 00595 a2200193 4500 | ||
|---|---|---|---|
| 005 | 20151026133236.0 | ||
| 008 | 131024b xxu||||| |||| 00| 0 eng d | ||
| 020 | |a 9780123725790 | ||
| 080 | |a 621.39 |b KAS | ||
| 100 | |a Kashyap, Raman | ||
| 245 | |a Fiber bragg gratings | ||
| 250 | |a 2nd. ed. | ||
| 260 | |b Amsterdam |c 2010 |a Elsevier | ||
| 300 | |a xviii, 614p. | ||
| 653 | |a Optical fibers | ||
| 653 | |a Fibre optic sensors | ||
| 942 | |c BK |6 _ | ||
| 999 | |c 66105 |d 66105 | ||
| 952 | |0 0 |1 0 |2 udc |4 0 |6 62139_KAS |7 0 |9 78430 |a UL |b UL |d 2013-03-06 |g 0.00 |l 3 |o 621.39 KAS |p 00069651 |r 2015-09-10 |s 2015-09-10 |v 0.00 |w 2013-03-06 |y BK | ||